000 00715nai a2200193Ia 4500
003 IN-BaIIA
008 211028c9999 xx s 000 0 eng d
022 _a0096-1973 (Print)
022 _a1558-3643 (Online)
040 _cIIA Library
245 0 _aIRE Transactions on Antennas and Propagation
_h[eJournal]
260 _aNew York, USA
_bThe Institute of Electrical and Electronics Engineers, Inc. (IEEE)
310 _aMonthly
362 _a3(2); 1955 - 10(6); 1962
521 _bSubscribed through National Knowledge Resource Consortium (NKRC)
650 _aFields, Waves and Electromagnetics
856 _uhttps://ieeexplore.ieee.org/servlet/opac?punumber=8234
_yClick Here to Access eJournal
942 _cEJ
999 _c34903
_d34903